[Event "Challenge"]
[Site "http://www.queenalice.com/game.php?id=297411"]
[Date "2007.11.3"]
[Round "-"]
[White "luizpessoa"]
[Black "Pero_Motta"]
[Result "0-1"]
[WhiteElo "1694"]
[BlackElo "2178"]

1. c4 e6 2. e4 d5 3. cxd5 exd5 4. e5 Nc6 5. d4 Bb4+ 6. Bd2 Bxd2+ 7. Qxd2 Nge7 8.
Bb5 O-O 9. Nf3 Bg4 10. Bxc6 Nxc6 11. Qe3 Bxf3 12. gxf3 Qh4 13. f4 Nb4 14. Qd2
Qxf4 15. Qxf4 Nd3+ 16. Kd2 Nxf4 17. Nc3 Ne6 18. Nxd5 Rfd8 19. Ne3 Rxd4+ 20. Kc3
Rf4 21. Rhf1 Re4 22. Rfd1 Rxe5 23. Ng4 Re4 24. f3 Rf4 25. Rd3 c5 26. Rad1 Nd4
27. b4 h5 28. Ne5 Re8 29. Nd7 cxb4+ 30. Kxb4 Nxf3+ 31. Kc3 Nxh2 32. Nc5 b6 33.
Nb3 g5 34. Rh1 Rh4 35. Nd4 Rc8+ 36. Kd2 Nf3+ 37. Nxf3 Rxh1 38. Nxg5 Rh2+ 39. Ke3
Rxa2 40. Rd7 Rc3+ 41. Ke4 Ra4+ 42. Kf5 Rc5+ 43. Kf6 Rf4+ 44. Ke7 Rxg5 45. Rxa7
Re4+ 46. Kd6 Re6+ 47. Kd7 Rd5+ 48. Kc7 Re7+ 0-1

[Event "Challenge"]
[Site "http://www.queenalice.com/game.php?id=297412"]
[Date "2007.11.3"]
[Round "-"]
[White "Pero_Motta"]
[Black "luizpessoa"]
[Result "1-0"]
[WhiteElo "2178"]
[BlackElo "1682"]

1. e4 c5 2. Nf3 a6 3. c3 Nc6 4. d4 cxd4 5. cxd4 d5 6. exd5 Qxd5 7. Nc3 Qd8 8. d5
Na7 9. Be3 e6 10. dxe6 fxe6 11. Qxd8+ Kxd8 12. O-O-O+ Bd7 13. Ne5 Ke8 14. Nxd7
Be7 15. Bc4 Nc6 16. Bxe6 Rd8 17. Bb6 Ra8 18. Nd5 Bd6 19. Rhe1 Nge7 20. N5f6+
gxf6 21. Rxd6 a5 22. Bg4 Rc8 23. Bh5# 1-0

[Event "AUTO-OPEN-806"]
[Site "http://www.queenalice.com/game.php?id=297525"]
[Date "2007.11.3"]
[Round "2"]
[White "Pero_Motta"]
[Black "gipmachado"]
[Result "0-1"]
[WhiteElo "2145"]
[BlackElo "2288"]

1. e4 e5 2. Nf3 Nc6 3. Bc4 Bc5 4. c3 Nf6 5. d3 O-O 6. Nbd2 d5 7. exd5 Nxd5 8.
O-O a6 9. Qe2 Nf4 10. Qe4 Qf6 11. d4 exd4 12. Nb3 Bd6 13. Nfxd4 Bd7 14. Bxf4
Bxf4 15. g3 Bd6 16. Bd3 g6 17. Qf3 Qxf3 18. Nxf3 Rfe8 19. Rfe1 Rad8 20. Be4 f5
21. Bd5+ Kg7 22. Ng5 Ra8 23. Nf7 Bf8 24. Ng5 h6 25. Ne6+ Bxe6 26. Bxe6 Rad8 27.
Re3 b5 28. Rae1 a5 29. R3e2 Kf6 30. f4 a4 31. Nc1 Na7 32. Kf2 Rd6 33. Bc4 Rxe2+
34. Bxe2 Rd2 35. Nd3 a3 36. Rb1 Rc2 37. bxa3 Bxa3 38. Nb4 Bxb4 39. cxb4 Rxa2 40.
Ke3 c6 41. Bf3 Ra3+ 42. Kf2 Rc3 43. Bd1 Nc8 44. Rb3 Rc4 45. Be2 Rc2 46. h4 Nb6
47. Ke1 Nd5 48. Bf3 Rc4 49. Bxd5 cxd5 50. Kd2 g5 51. hxg5+ hxg5 52. Ke3 Re4+ 53.
Kf3 g4+ 54. Kf2 Ke7 55. Rb1 Kd6 56. Rb2 Kc6 57. Rb1 Rc4 58. Rb3 d4 59. Ke2 Rc3
60. Rxc3+ dxc3 61. Kd3 Kd5 62. Kxc3 Ke4 63. Kc2 Kf3 64. Kd3 Kxg3 65. Ke3 Kh2 66.
Kd4 g3 67. Ke5 g2 68. Kxf5 g1=Q 69. Ke4 Qb1+ 70. Kd5 Qxb4 71. Ke5 Qc5+ 72. Ke6
b4 73. f5 b3 74. f6 b2 75. f7 b1=Q 0-1

[Event "AUTO-OPEN-806"]
[Site "http://www.queenalice.com/game.php?id=297526"]
[Date "2007.11.3"]
[Round "2"]
[White "gipmachado"]
[Black "Pero_Motta"]
[Result "1-0"]
[WhiteElo "2317"]
[BlackElo "2151"]

1. e4 c5 2. Nc3 Nc6 3. g3 e5 4. Bg2 Nf6 5. Nf3 Be7 6. d3 d6 7. Bg5 Bg4 8. Bxf6
Bxf6 9. Nd5 O-O 10. O-O Nb4 11. Ne3 Be6 12. c3 Nc6 13. Nd5 Bxd5 14. exd5 Ne7 15.
Nd2 Bg5 16. Re1 Ng6 17. Nf3 Bf6 18. Qa4 Qe8 19. Qxe8 Rfxe8 20. h4 a6 21. Nd2 b5
22. a3 Rec8 23. h5 Nf8 24. Ne4 Be7 25. f4 exf4 26. gxf4 g6 27. Re3 gxh5 28. Rf1
Ng6 29. f5 Nh4 30. Rf2 Re8 31. Rh3 Bd8 32. Bh1 Re5 33. Nxd6 Re1+ 34. Rf1 Rxf1+
35. Kxf1 Rb8 36. Ne4 Rb6 37. Nxc5 Nxf5 38. Be4 Ng7 39. b4 f5 40. Bf3 Bg5 41. Ke2
h4 42. Nb3 Rh6 43. c4 Bf6 44. c5 Be5 45. d6 Ne6 46. Rh1 Nf4+ 47. Ke3 Ne6 48. d4
Bf4+ 49. Ke2 h3 50. d5 Ng5 51. d7 Bc7 52. Rg1 Bd8 53. c6 Rg6 54. Rxg5 Rxg5 55.
d6 Rg7 56. Bd5+ Kf8 57. Nc5 Rg2+ 58. Bxg2 hxg2 59. c7 g1=Q 60. cxd8=Q+ Kf7 61.
Qe8+ Kg7 62. Ne6+ Kh6 63. Qf8+ Kh5 64. Qxf5+ Kh6 65. Qh3+ Kg6 66. d8=Q 1-0

[Event "SPAIN-BRASIL"]
[Site "http://www.queenalice.com/game.php?id=309419"]
[Date "2007.11.24"]
[Round "-"]
[White "Diemerlin"]
[Black "Pero_Motta"]
[Result "1-0"]
[WhiteElo "2102"]
[BlackElo "2165"]

1. e4 c5 2. Nc3 e5 3. Bc4 Nf6 4. d3 a6 5. a4 Be7 6. f4 Nc6 7. Nf3 d6 8. f5 O-O
9. O-O Bd7 10. h3 Kh8 11. g4 Nd4 12. g5 Ne8 13. h4 Nc7 14. a5 Rb8 15. Nh2 Bb5
16. Ng4 Bxc4 17. dxc4 Rg8 18. Kf2 f6 19. g6 Qe8 20. Nxe5 dxe5 21. Qh5 h6 22.
Bxh6 1-0

[Event "SPAIN-BRASIL"]
[Site "http://www.queenalice.com/game.php?id=309420"]
[Date "2007.11.24"]
[Round "-"]
[White "Pero_Motta"]
[Black "Diemerlin"]
[Result "0-1"]
[WhiteElo "2137"]
[BlackElo "2169"]

1. e4 e6 2. d4 d5 3. e5 c5 4. c3 Nc6 5. Bb5 Bd7 6. Bxc6 bxc6 7. Nf3 cxd4 8. cxd4
c5 9. O-O Ne7 10. dxc5 Qc7 11. Nc3 Nf5 12. g4 Ne7 13. b4 a5 14. Qd3 axb4 15. Nb5
Bxb5 16. Qxb5+ Qc6 17. Nd4 Qxb5 18. Nxb5 Ra5 19. Nd6+ Kd7 20. Nxf7 Rg8 21. Be3
Nc6 22. f4 Bxc5 23. Bxc5 Rxc5 24. f5 Rc4 25. h3 Ra8 26. Ng5 exf5 27. Rxf5 b3 28.
Rf7+ Ke8 29. Raf1 b2 30. Rf8+ Kd7 31. R8f7+ Ne7 32. e6+ Kc6 33. Nf3 Rc1 34. Nd2
Rxa2 35. Rxe7 Raa1 36. Rf7 Rd1 37. Rxd1 Rxd1+ 38. Rf1 Rxd2 39. Re1 Re2 40. Rxe2
b1=Q+ 41. Kf2 Qg6 42. Ke1 Kd6 43. e7 Qe8 44. Kd2 Qxe7 45. Rxe7 Kxe7 46. Ke3 Ke6
47. Kf4 h6 48. h4 Kd6 49. g5 h5 50. Ke3 Kc5 51. Kd3 d4 52. Ke4 Kc4 53. Kf5 d3
54. Kg6 d2 55. Kxh5 d1=Q+ 56. Kg6 Kd5 57. Kxg7 Qd4+ 58. Kf7 Qxh4 59. Kf6 Ke4 0-1

[Event "Challenge"]
[Site "http://www.queenalice.com/game.php?id=312945"]
[Date "2007.11.30"]
[Round "-"]
[White "kalim"]
[Black "Pero_Motta"]
[Result "0-1"]
[WhiteElo "1699"]
[BlackElo "2144"]

1. e4 e5 2. Nf3 Nc6 3. Bb5 a6 4. Ba4 b5 5. Bb3 Nf6 6. c3 Nxe4 7. O-O Qf6 8. d4
Qg6 9. dxe5 Bc5 10. Bc2 Nxf2 11. Rxf2 Bxf2+ 12. Kxf2 Qe6 13. Bf4 Bb7 14. Bb3 Qf5
15. Qd2 Ne7 16. Bd1 Ng6 17. g3 O-O 18. Na3 f6 19. Bc2 Qh5 20. Bd1 fxe5 21. Bxe5
Nxe5 0-1

[Event "Challenge"]
[Site "http://www.queenalice.com/game.php?id=330734"]
[Date "2008.1.4"]
[Round "-"]
[White "RichardB"]
[Black "Pero_Motta"]
[Result "0-1"]
[WhiteElo "2038"]
[BlackElo "2136"]

1. d4 e6 2. e4 d5 3. e5 c5 4. c3 cxd4 5. cxd4 Nc6 6. Nf3 Bb4+ 7. Bd2 Qb6 8. a3
Bxd2+ 9. Qxd2 Nge7 10. Nc3 Nf5 11. Bb5 O-O 12. Bxc6 Qxc6 13. O-O Bd7 14. Rac1
Rac8 15. g4 Nh6 16. Ne4 Qa4 17. Nd6 Rxc1 18. Rxc1 Nxg4 19. Rc7 f6 20. Qe2 fxe5
21. dxe5 Qf4 22. Rxd7 Qxf3 23. Qxf3 Rxf3 24. Kg2 Rxf2+ 25. Kg3 Nxe5 26. Rxb7
Rf3+ 27. Kg2 a5 28. Ra7 Kf8 29. Rxa5 Rf4 30. b4 Ke7 31. Nb7 Rc4 32. Nc5 Rc2+ 33.
Kg3 Nc6 34. Ra6 Rc3+ 35. Kf2 Nd4 36. Ra7+ Kf6 37. Nd7+ Kf5 38. a4 Kf4 39. Nc5
Rc2+ 40. Kf1 Ke3 41. Rxg7 Nf3 42. a5 Rf2# 0-1

[Event "Challenge"]
[Site "http://www.queenalice.com/game.php?id=332137"]
[Date "2008.1.6"]
[Round "-"]
[White "marcelobanes"]
[Black "Pero_Motta"]
[Result "0-1"]
[WhiteElo "1987"]
[BlackElo "2132"]

1. d4 d5 2. Nf3 Bg4 3. Nbd2 Nc6 4. h3 Bh5 5. g4 Bg6 6. a3 Nf6 7. e3 e6 8. Bd3
Bxd3 9. cxd3 Bd6 10. e4 dxe4 11. dxe4 Bf4 12. e5 Nd5 13. Ne4 Qd7 14. Nc5 Qc8 15.
Nd3 Bxc1 16. Rxc1 Na5 17. Qa4+ Nc6 18. h4 Nb6 19. Qd1 Qd7 20. Nc5 Qd5 21. Rh3
O-O-O 22. Nb3 Qe4+ 23. Qe2 Qxg4 24. Rg3 Qf4 25. Rc3 Rd5 26. Rxg7 Na4 27. Rxc6
bxc6 28. Qa6+ Kb8 29. Ke2 Qe4+ 30. Kf1 Qxf3 31. Qxa4 Rb5 32. Rg3 Qh1+ 33. Ke2
Qxh4 34. Nd2 Rxe5+ 35. Kd1 Rb5 36. Kc2 Rb6 37. Qc4 Rd8 38. Kc3 Qh5 39. Nf3 Qh1
40. Kc2 c5 41. Qxc5 Kb7 42. Ne5 Qe4+ 43. Rd3 Rd5 44. Qc3 Rxe5 45. f3 Qe2+ 46.
Rd2 Rc6 0-1

[Event "Challenge"]
[Site "http://www.queenalice.com/game.php?id=332139"]
[Date "2008.1.6"]
[Round "-"]
[White "Pero_Motta"]
[Black "marcelobanes"]
[Result "1-0"]
[WhiteElo "2126"]
[BlackElo "1876"]

1. e4 c5 2. Nf3 e6 3. Nc3 a6 4. d4 cxd4 5. Nxd4 Qc7 6. Bd3 Nf6 7. O-O b5 8. Re1
Nc6 9. Nxc6 dxc6 10. e5 Nd7 11. Bf4 Nc5 12. Qf3 Nxd3 13. Qxd3 Be7 14. Qg3 g5 15.
Bxg5 Rg8 16. Ne4 h6 17. Bxe7 Rxg3 18. Bd6 Qb7 19. hxg3 f5 20. exf6 Qf7 21. Rad1
Qg6 22. Be7 c5 23. Rd8+ 1-0

[Event "Challenge"]
[Site "http://www.queenalice.com/game.php?id=335748"]
[Date "2008.1.13"]
[Round "-"]
[White "jounieh"]
[Black "Pero_Motta"]
[Result "1-0"]
[WhiteElo "2080"]
[BlackElo "2148"]

1. e4 e5 2. Nf3 Nc6 3. d4 f6 4. Bc4 Bb4+ 5. c3 Ba5 6. d5 Nce7 7. O-O d6 8. Qa4+
c6 9. b4 b5 10. Bxb5 Bd7 11. dxc6 Nxc6 12. Bxc6 Bb6 13. Rd1 Rc8 14. Rxd6 Rxc6
15. Rxc6 Ne7 16. b5 Bxc6 17. bxc6 Qc7 18. Nbd2 O-O 19. Ba3 Rc8 20. Bxe7 Qxe7 21.
Nc4 Qc5 22. Nxb6 axb6 23. Qb3+ Kf8 24. Qb4 Rxc6 25. Kf1 Qxb4 26. cxb4 Rc4 27.
Nd2 Rxb4 28. Ke2 Ra4 29. f3 Kf7 30. Kd3 Kg6 31. Nc4 b5 32. Nb6 Ra3+ 33. Kc2 Kg5
34. Nd5 h5 35. Kb2 Rd3 36. Rg1 f5 37. Nb4 Rd4 38. Nc2 Rd3 39. exf5 Kxf5 40. a3
e4 41. Nb4 Rd7 42. fxe4+ Kxe4 43. Re1+ Kf5 44. Kc3 Rc7+ 45. Kd4 Rc4+ 46. Kd3 Rg4
47. Nd5 Ra4 48. Ne3+ Ke6 49. Nc2+ Kd6 50. Re4 Ra7 51. Rh4 g6 52. Rf4 Ke5 53. Rb4
Ra5 54. Re4+ Kf6 55. Kd4 Ra8 56. Kc3 Rc8+ 57. Kb3 Rc5 58. Ne3 Rc1 59. Nd5+ Kf5
60. Nc3 Rxc3+ 61. Kxc3 Kxe4 62. Kb4 Ke5 63. Kxb5 g5 64. a4 Kf4 65. a5 Ke3 66. a6
Kf2 67. g3 Kg2 68. a7 Kxh2 69. a8=Q Kxg3 70. Qa3+ Kg4 71. Qb4+ Kf3 72. Qc3+ Kg4
73. Qd4+ Kg3 74. Qe3+ Kh4 75. Kc4 Kg4 76. Kd3 Kf5 77. Qf3+ Ke5 78. Qxh5 Kf4 79.
Qh2+ Kf5 80. Ke3 Ke6 81. Ke4 g4 82. Qe5+ 1-0

[Event "Challenge"]
[Site "http://www.queenalice.com/game.php?id=346405"]
[Date "2008.1.31"]
[Round "-"]
[White "Pero_Motta"]
[Black "defconn4"]
[Result "0-1"]
[WhiteElo "2134"]
[BlackElo "2133"]

1. e4 c6 2. d4 d5 3. e5 c5 4. c3 cxd4 5. cxd4 Nc6 6. Nf3 Bg4 7. Bb5 Qb6 8. Nc3
e6 9. O-O Bxf3 10. Qxf3 Qxd4 11. Re1 Bb4 12. a3 Bxc3 13. bxc3 Qb6 14. Rb1 Ne7
15. Qg3 O-O 16. Bd3 Qc7 17. Bh6 Ng6 18. Bxg6 fxg6 19. Be3 Rf7 20. Qg4 Qxe5 21.
Bd4 Qf5 22. Qxf5 exf5 23. Bc5 b6 24. Bb4 Nxb4 25. axb4 Rc8 26. Rbd1 Rd7 27. Re3
Rdc7 28. Rxd5 Rxc3 29. Rxc3 Rxc3 30. Kf1 Rb3 31. b5 Rb2 32. f4 Kf8 33. Re5 a5
34. bxa6 Ra2 35. g3 Rxa6 36. Re6 Ra1+ 37. Ke2 Ra2+ 38. Ke3 Rb2 39. Kd4 Kf7 40.
Rc6 Rxh2 41. Rxb6 Rd2+ 42. Ke3 Rd7 43. Rc6 h6 44. Rc5 Re7+ 45. Kf3 Kf6 46. Rc6+
Re6 47. Rc7 g5 48. fxg5+ hxg5 49. Kf2 g4 50. Rc8 g5 51. Rf8+ Kg6 52. Rg8+ Kh6
53. Rf8 Re5 54. Rg8 Ra5 55. Kg2 Ra3 56. Rf8 Rf3 57. Rg8 Ra3 58. Rf8 Ra2+ 59. Kf1
Kg6 60. Rg8+ Kf6 61. Kg1 Ke5 62. Rxg5 Ke4 63. Kf1 Kf3 64. Rxf5+ Kxg3 65. Rg5 Ra3
66. Ke2 Kf4 0-1

[Event "Challenge"]
[Site "http://www.queenalice.com/game.php?id=348091"]
[Date "2008.2.3"]
[Round "-"]
[White "alexp71"]
[Black "Pero_Motta"]
[Result "1-0"]
[WhiteElo "2099"]
[BlackElo "2072"]

1. c4 e5 2. Nc3 g6 3. g3 Bg7 4. Bg2 Nf6 5. Nf3 d6 6. O-O O-O 7. d4 e4 8. Ng5 Nc6
9. e3 Re8 10. Ngxe4 Nxe4 11. Nxe4 Bf5 12. Nc3 Nb4 13. e4 Bd7 14. Qb3 a5 15. Be3
Rb8 16. a3 Nc6 17. Nb5 Ne7 18. Rac1 c6 19. Nxd6 Rf8 20. c5 b6 21. cxb6 Rxb6 22.
Qc3 Ra6 23. Nb7 Qb6 24. Nc5 Ra7 25. Nxd7 Rxd7 26. e5 Rb8 27. Rb1 Nd5 28. Qc4 Qb5
29. Qxb5 Rxb5 30. Bxd5 Rdxd5 31. f4 Rb3 32. Kf2 Rdb5 33. Bc1 Bf8 34. Re1 Bxa3
35. Re3 h5 36. Ke2 a4 37. Rxb3 Rxb3 38. Kd2 Be7 39. Ra1 Rb4 40. Kd3 Rb3+ 41. Kc2
Bb4 42. Rxa4 Rf3 43. Rxb4 1-0

[Event "Challenge"]
[Site "http://www.queenalice.com/game.php?id=349008"]
[Date "2008.2.5"]
[Round "-"]
[White "Pero_Motta"]
[Black "samuca"]
[Result "1/2-1/2"]
[WhiteElo "2145"]
[BlackElo "2261"]

1. e4 c6 2. d4 d5 3. Nc3 dxe4 4. Nxe4 Bf5 5. Nc5 b6 6. Nb3 Nf6 7. Bd3 Bxd3 8.
Qxd3 e6 9. Nf3 Bd6 10. O-O O-O 11. Bg5 Nbd7 12. Nbd2 Qc7 13. c3 h6 14. Bh4 c5
15. Nc4 cxd4 16. cxd4 Bf4 17. g3 Rac8 18. b3 Bd6 19. Bxf6 Nxf6 20. Rac1 Qd7 21.
Nxd6 Qxd6 22. Rc4 Rc7 23. Rfc1 Rd7 24. Qc2 Rfd8 25. Ne5 Rb7 26. Qc3 Nd5 27. Qf3
a5 28. R4c2 f6 29. Nc4 Qd7 30. Qe4 Nb4 31. Rd2 Rc7 32. a3 Qd5 33. Re1 Qxe4 34.
Rxe4 Nc6 35. Nxb6 Rb7 36. Kg2 Rxb6 37. Rxe6 Rdb8 38. Kh3 Nd8 39. Rxb6 Rxb6 40.
Rd3 Rd6 41. b4 axb4 42. axb4 Nc6 43. b5 Rxd4 44. Rxd4 Nxd4 45. b6 Kf7 46. Kg4 g6
47. b7 Nc6 48. h4 f5+ 49. Kf4 Kf6 50. g4 fxg4 51. Kxg4 Nb8 52. h5 g5 53. f4 gxf4
54. Kxf4 Nd7 55. Kg4 Ke5 56. Kf3 Nb8 57. Ke3 Na6 58. Kf3 Kf5 59. Ke3 Ke5 60. Kf3
Ke6 61. Kg4 Ke5 62. Kf3 Nb8 63. Ke3 Kf5 64. Kf3 Kg5 65. Ke4 Kxh5 66. Kd5 Kg4 67.
Kd6 Na6 68. Kc6 h5 69. Kb6 Nb8 70. Kc7 Na6+ 71. Kb6 Nb8 72. Kc7 Na6+ 73. Kb6 Nb8
74. Kc7 Na6+ 75. Kb6 Nb8 76. Kc7 1/2-1/2

[Event "Challenge"]
[Site "http://www.queenalice.com/game.php?id=349009"]
[Date "2008.2.5"]
[Round "-"]
[White "Pero_Motta"]
[Black "samuca"]
[Result "0-1"]
[WhiteElo "2146"]
[BlackElo "2224"]

1. e4 c6 2. d4 d5 3. e5 Bf5 4. Nc3 e6 5. Nf3 Nd7 6. Bg5 Qb6 7. b3 Rc8 8. Na4 Qc7
9. Be2 c5 10. c3 cxd4 11. Qxd4 a6 12. O-O b5 13. Nb2 Bc5 14. Qd2 f6 15. exf6
Ngxf6 16. Bf4 e5 17. Bg3 Ne4 18. Qxd5 Nxc3 19. Qd2 Ne4 20. Qd5 Nxg3 21. hxg3 Nf6
22. Qd2 O-O 23. b4 Ba7 24. Rac1 Bxf2+ 25. Kh1 Qb6 26. Rxc8 Rxc8 27. Rxf2 Rc2 28.
Qe1 Ne4 29. Bc4+ Rxc4 30. Nxc4 Nxf2+ 31. Kg1 Nh3+ 32. Kh2 bxc4 33. gxh3 c3 34.
Nh4 Qxb4 35. Qxe5 Bg6 36. Qe6+ Kf8 37. Nxg6+ hxg6 38. Qxa6 Qb2+ 39. Kg1 Qc1+ 40.
Kf2 Qd2+ 41. Kf3 c2 42. Qc8+ Kf7 43. Qc4+ Kf6 44. Qc6+ Kg5 45. h4+ Kh6 46. h5
Qd3+ 47. Kg2 Kxh5 48. Qc5+ Kh6 49. Kh3 Qd2 50. Qc4 Kh7 51. a4 c1=Q 0-1

[Event "Challenge"]
[Site "http://www.queenalice.com/game.php?id=358582"]
[Date "2008.2.21"]
[Round "-"]
[White "Pero_Motta"]
[Black "patoche"]
[Result "0-1"]
[WhiteElo "2087"]
[BlackElo "2114"]

1. e4 Nc6 2. Nf3 e6 3. d4 d5 4. e5 Nge7 5. Bb5 Bd7 6. Bg5 h6 7. Bxe7 Bxe7 8.
Bxc6 Bxc6 9. O-O Bb5 10. Re1 c5 11. c3 Qb6 12. Qb3 Bc4 13. Qxb6 axb6 14. Nbd2
Bd3 15. Re3 c4 16. b3 b5 17. g3 Ba3 18. Ne1 Bg6 19. Rd1 Bb2 20. bxc4 bxc4 21.
Nb1 O-O 22. a3 Bxa3 23. Nxa3 Rxa3 24. Rd2 Rfa8 25. Rd1 Rb3 26. Rc1 Ra2 27. h4
Rbb2 28. Rf3 b5 29. Rf4 b4 30. cxb4 Rxb4 31. Ng2 Rb3 32. g4 Rb1 33. Rxb1 Bxb1
34. Rf3 Bd3 35. Nf4 Be2 36. Rg3 g5 37. hxg5 hxg5 38. Nh5 Kf8 39. Nf6 Ke7 40. Rh3
Ra1+ 41. Kh2 Ra8 42. Rc3 Bd3 43. Kg3 Rb8 44. Ra3 Bg6 45. f4 Rb3+ 0-1

[Event "CLM Playchess"]
[Site "http://www.queenalice.com/game.php?id=366545"]
[Date "2008.3.6"]
[Round "-"]
[White "CesarLMarques"]
[Black "Pero_Motta"]
[Result "1-0"]
[WhiteElo "2344"]
[BlackElo "2052"]

1. e4 c5 2. Nf3 Nc6 3. Bb5 Na5 4. O-O a6 5. Be2 d6 6. d4 cxd4 7. Qxd4 e5 8. Qd3
Nf6 9. Nc3 Be6 10. Nd5 Bxd5 11. exd5 e4 12. Qe3 Qe7 13. Nd2 Nxd5 14. Qxe4 Nc6
15. Re1 Ndb4 16. Qc4 b5 17. Qb3 Qe6 18. a3 Qxb3 19. Bc4+ Ne7 20. Bxb3 Nc6 21.
Ne4 O-O-O 22. Ng5 Ne5 23. f4 h6 24. fxe5 hxg5 25. Bxf7 1-0

[Event "CLM Playchess"]
[Site "http://www.queenalice.com/game.php?id=366552"]
[Date "2008.3.6"]
[Round "-"]
[White "Pero_Motta"]
[Black "CesarLMarques"]
[Result "0-1"]
[WhiteElo "2057"]
[BlackElo "2341"]

1. e4 e5 2. Nf3 Nc6 3. Nc3 Nf6 4. Bc4 Nxe4 5. Nxe4 d5 6. Bxd5 Qxd5 7. Qe2 Bg4 8.
O-O Nd4 9. Qd3 Nxf3+ 10. gxf3 Qxd3 11. cxd3 Bxf3 12. Re1 O-O-O 13. Ng5 Bd5 14.
Ne4 f6 15. b3 Bc6 16. Re3 Bb5 17. a4 Bxd3 18. Bb2 Bxe4 19. Rxe4 Rxd2 20. Bc3 Rc2
21. Rc4 b6 22. Kf1 Bc5 23. Be1 Rxc4 24. bxc4 Rd8 0-1

[Event "Challenge"]
[Site "http://www.queenalice.com/game.php?id=370019"]
[Date "2008.3.12"]
[Round "-"]
[White "marcelobanes"]
[Black "Pero_Motta"]
[Result "1-0"]
[WhiteElo "1968"]
[BlackElo "2122"]

1. e4 e5 2. Nf3 Nc6 3. Bb5 a6 4. Ba4 b5 5. Bb3 d6 6. c3 Bg4 7. d3 h6 8. Be3 Nf6
9. Nbd2 Be7 10. h3 Bh5 11. g4 Bg6 12. Nf1 O-O 13. Nh4 Bh7 14. Nf5 Na5 15. Bc2 c5
16. h4 Bxf5 17. exf5 Nd5 18. g5 Nxe3 19. Nxe3 hxg5 20. hxg5 Bxg5 21. Qh5 Bh6 22.
Ng4 Qg5 23. Nxh6+ gxh6 24. Qxg5+ hxg5 25. f6 Rfe8 26. Kd2 Nc6 27. Rag1 Ne7 28.
fxe7 Kg7 29. Rxg5+ Kf6 30. Rgh5 Kxe7 31. Bb3 Rg8 32. Bd5 Raf8 33. Rh7 Rg6 34.
Rh8 Rgg8 35. Rxg8 Rxg8 36. Rh7 Rf8 37. Ke3 Kf6 38. b4 cxb4 39. cxb4 Kg6 40. Rh1
Kg5 41. Rc1 f5 42. Rc6 Rh8 43. Rxd6 1-0

[Event "Challenge"]
[Site "http://www.queenalice.com/game.php?id=370020"]
[Date "2008.3.12"]
[Round "-"]
[White "Pero_Motta"]
[Black "marcelobanes"]
[Result "0-1"]
[WhiteElo "2105"]
[BlackElo "1990"]

1. e4 c5 2. Nf3 e6 3. b3 Nc6 4. Bb2 d6 5. Bb5 Bd7 6. d4 Nxd4 7. Nxd4 cxd4 8.
Bxd7+ Qxd7 9. Bxd4 Nf6 10. Nc3 Be7 11. O-O b5 12. e5 dxe5 13. Bxe5 Qc6 14. Qd3
a6 15. a4 b4 16. Ne2 Rd8 17. Nd4 Qb7 18. Qg3 h5 19. Rad1 h4 20. Qg5 Kf8 21. f3
Rh5 22. Qf4 Rd5 23. Bxf6 Bxf6 24. Ne2 Rhf5 25. Qg4 Rg5 26. Qe4 Rge5 27. Qc4 Rc5
28. Qd3 Rcd5 29. Qc4 a5 30. Nf4 Rc5 31. Qd3 Kg8 32. Rf2 Bg5 33. Qd4 Qc7 34. Rdf1
Rc3 35. Nd3 Rd5 36. Qe4 Rxc2 37. Ne1 Rxf2 38. Rxf2 Rd1 39. f4 Bf6 40. Kf1 Bc3
41. Re2 Bd2 42. g4 Qxf4+ 0-1